000 00615nam a22002057a 4500
005 20251108175420.0
008 250721s2015 xx 000 0 ara d
082 1 4 _a155.2/فور
100 1 _aفورمان، إيلين
245 1 0 _aالعلاج السلوكي المعرفي /
264 1 _aرأس الخيمة :
_bدار نون،
_c2015.
300 _a211 ص.
650 1 7 _aعلم النفس الفردي
650 1 7 _aعلم النفس
650 1 7 _aالسلوك
700 1 _aحسام، الموصللي
700 1 _aالموصللي، حسام
_eمترجم
942 _2ddc
_cBK
999 _c133561
_d133561